书目信息 |
| 题名: |
金刚石膜制备与应用
|
|
| 作者: | 吕反修 主编 | |
| 分册: | 下卷 | |
| 出版信息: | 北京 科学出版社 2015.01 |
|
| 页数: | 25,768-1471,[4]页图版 | |
| 开本: | 24cm | |
| 丛书名: | 纳米科学与技术 | |
| 单 册: | ||
| 中图分类: | TB43 | |
| 科图分类: | ||
| 主题词: | 类金刚石膜--研究 | |
| 电子资源: | ||
| ISBN: | 978-7-03-042826-4 | |
| 000 | 01124oam2 2200277 450 | |
| 001 | 0120151745995 | |
| 005 | 20170405085403.58 | |
| 010 | @a978-7-03-042826-4@dCNY150.00,CNY12000.00(全80册) | |
| 100 | @a20150413d2015 em y0chiy50 ea | |
| 101 | 0 | @achi |
| 102 | @aCN@b110000 | |
| 105 | @aaf z 001yy | |
| 106 | @ar | |
| 200 | 1 | @a金刚石膜制备与应用@9jin gang shi mo zhi bei yu ying yong@h下卷@f吕反修主编 |
| 210 | @a北京@c科学出版社@d2015.01 | |
| 215 | @a25,768-1471,[4]页图版@c图@d24cm | |
| 225 | 2 | @a纳米科学与技术@v18 |
| 300 | @a国家出版基金项目 | |
| 330 | @a本书全面、系统、深入地论述了化学气相沉积(CVD)金刚石膜的制备、组织结构和性能表征,金刚石膜化学气相沉积理论,以及在电学(电子学)、热学、光学、声学、电化学、力学等领域的应用,在高超声速、外太空、核和极端摩擦磨损环境下众多高新技术应用研究进展和市场前景。本书为下卷。 | |
| 333 | @a大专院校师生,研究院所以及相关领域企业管理部门及应用与研发人员 | |
| 461 | 0 | @12001 @a纳米科学与技术@v18 |
| 606 | 0 | @a类金刚石膜@x研究 |
| 690 | @aTB43@v5 | |
| 701 | 0 | @a吕反修@9lu^ fan xiu@4主编 |
| 801 | 0 | @aCN@b人天书店@c20150413 |
| 905 | @b983709-11@dTB43@e309:2@f3 | |
| 金刚石膜制备与应用.下卷/吕反修主编.-北京:科学出版社,2015.01 |
| 25,768-1471,[4]页图版:图;24cm.-(纳米科学与技术;18) |
| 国家出版基金项目.-使用对象:大专院校师生,研究院所以及相关领域企业管理部门及应用与研发人员 |
| ISBN 978-7-03-042826-4:CNY150.00,CNY12000.00(全80册) |
| 本书全面、系统、深入地论述了化学气相沉积(CVD)金刚石膜的制备、组织结构和性能表征,金刚石膜化学气相沉积理论,以及在电学(电子学)、热学、光学、声学、电化学、力学等领域的应用,在高超声速、外太空、核和极端摩擦磨损环境下众多高新技术应用研究进展和市场前景。本书为下卷。 |
| ● |
| 相关链接 |
|
|
|
|
正题名:金刚石膜制备与应用
索取号:TB43/309:2
 
预约/预借
| 序号 | 登录号 | 条形码 | 馆藏地/架位号 | 状态 | 备注 |
| 1 | 983709 | 209837097 | 第二样本阅览室/ [索取号:TB43/309:2] | 在馆 | |
| 2 | 983710 | 209837104 | 第三借阅区/ [索取号:TB43/309:2] | 在馆 | |
| 3 | 983711 | 209837113 | 密集书库-化学系/ [索取号:TB43/309:2] | 在馆 |